[Event "Monarch Assurance Isle of Man 11th"]
[Site "Port Erin IOM"]
[Date "2002.09.30"]
[Round "3.14"]
[White "Grant, Alan"]
[Black "Grunberg, Mihai"]
[Result "1/2-1/2"]
[WhiteElo "2195"]
[BlackElo "2445"]
[PlyCount "102"]
[EventDate "2002.09.28"]
[EventType "swiss"]
[EventRounds "9"]
[EventCountry "IOM"]
[SourceTitle "BritBase"]
[SourceDate "2008.07.14"]
[SourceVersion "1"]
[SourceVersionDate "2008.07.14"]
[SourceQuality "2"]

1. c4 f5 2. g3 Nf6 3. Bg2 g6 4. Nc3 Bg7 5. d3 d6 6. e4 c6 7. Nge2 O-O 8. O-O e5
9. h3 Be6 10. exf5 gxf5 11. Bg5 Qe8 12. Qd2 Qg6 13. f4 Nbd7 14. Rae1 Rfe8 15.
b3 h6 16. Bh4 Rac8 17. Kh2 a6 18. fxe5 dxe5 19. d4 Rcd8 20. Qc2 Bf7 21. dxe5
Rxe5 22. Nf4 Qh7 23. Bxf6 Bxf6 24. Rd1 Qg7 25. Nce2 Nc5 26. Rxd8+ Bxd8 27. Nd3
Nxd3 28. Qxd3 Bc7 29. Nf4 Be8 30. Bf3 Qe7 31. Qd2 Kh7 32. Rf2 Ba5 33. Qd3 Bb6
34. Re2 Qc5 35. h4 Qg1+ 36. Kh3 Be3 37. Bg2 Qc1 38. Rc2 Qb1 39. Re2 Qxd3 40.
Nxd3 Re7 41. Bf3 Kg7 42. Kg2 Kf6 43. Nf4 a5 44. Nh5+ Kf7 45. Nf4 Bxf4 46. gxf4
Rxe2+ 47. Bxe2 Ke6 48. Kf2 Kd6 49. Ke3 Kc5 50. a3 b5 51. Kd3 Bf7 1/2-1/2

[Event "Monarch Assurance Isle of Man 11th"]
[Site "Port Erin IOM"]
[Date "2002.09.30"]
[Round "3.15"]
[White "Palliser, Richard"]
[Black "Gordon, Stephen J"]
[Result "1-0"]
[WhiteElo "2441"]
[BlackElo "2159"]
[PlyCount "67"]
[EventDate "2002.09.28"]
[EventType "swiss"]
[EventRounds "9"]
[EventCountry "IOM"]
[SourceTitle "BritBase"]
[SourceDate "2008.07.14"]
[SourceVersion "1"]
[SourceVersionDate "2008.07.14"]
[SourceQuality "2"]

1. d4 Nf6 2. c4 e6 3. Nf3 Bb4+ 4. Nbd2 b6 5. a3 Bxd2+ 6. Bxd2 Bb7 7. e3 O-O 8.
Bd3 Ne4 9. O-O d6 10. Bxe4 Bxe4 11. Bc3 d5 12. c5 Nd7 13. b4 Bxf3 14. Qxf3 c6
15. Qe2 Qc7 16. Rfc1 a6 17. Be1 b5 18. f3 e5 19. Bg3 f5 20. a4 f4 21. exf4 exf4
22. Qe6+ Kh8 23. Bh4 Rae8 24. Qd6 Qb7 25. axb5 axb5 26. Bg5 Rf7 27. Re1 Ref8
28. Re7 Rxe7 29. Bxe7 Re8 30. Bg5 Nf8 31. Bxf4 Qf7 32. Be5 Ng6 33. Qxc6 Nxe5
34. dxe5 1-0

[Event "Monarch Assurance Isle of Man 11th"]
[Site "Port Erin IOM"]
[Date "2002.09.30"]
[Round "3.16"]
[White "Vuilleumier, Alex"]
[Black "Ledger, Andrew J"]
[Result "0-1"]
[WhiteElo "2169"]
[BlackElo "2408"]
[PlyCount "84"]
[EventDate "2002.09.28"]
[EventType "swiss"]
[EventRounds "9"]
[EventCountry "IOM"]
[SourceTitle "BritBase"]
[SourceDate "2008.07.14"]
[SourceVersion "1"]
[SourceVersionDate "2008.07.14"]
[SourceQuality "2"]

1. e4 c6 2. d4 d5 3. e5 Bf5 4. Nc3 Qb6 5. Nge2 e6 6. Ng3 Ne7 7. Be2 Nd7 8. O-O
a6 9. Na4 Qc7 10. b4 b6 11. c3 Bg6 12. f4 f5 13. exf6 Nxf6 14. Bd3 Kf7 15. Nb2
Bxd3 16. Nxd3 g6 17. a4 Nf5 18. a5 b5 19. Qe1 Bd6 {(=)} 20. Ra2 Rae8 21. Re2
Rhf8 22. Be3 Kg7 23. Nc5 Bxc5 24. dxc5 Nxe3 25. Rxe3 Qd7 26. Qd1 h5 27. Qd4 Kh7
28. h3 Qf7 29. Kh2 h4 30. Ne2 Ne4 31. Rxe4 dxe4 32. Qxe4 Qd7 33. Rf3 Qd5 34.
Qc2 e5 35. f5 g5 36. Rd3 Qf7 37. Rd6 Qxf5 38. Qd1 g4 39. hxg4 Qxg4 40. Qd3+ e4
41. Rd7+ Kg8 42. Qd4 h3 0-1

[Event "Monarch Assurance Isle of Man 11th"]
[Site "Port Erin IOM"]
[Date "2002.09.30"]
[Round "3.17"]
[White "Ansell, Simon"]
[Black "Fox, Anthony"]
[Result "1/2-1/2"]
[WhiteElo "2399"]
[BlackElo "2142"]
[PlyCount "121"]
[EventDate "2002.09.28"]
[EventType "swiss"]
[EventRounds "9"]
[EventCountry "IOM"]
[SourceTitle "BritBase"]
[SourceDate "2008.07.14"]
[SourceVersion "1"]
[SourceVersionDate "2008.07.14"]
[SourceQuality "2"]

1. Nf3 Nf6 2. g3 d5 3. Bg2 c6 4. d3 Bf5 5. O-O e6 6. Nbd2 h6 7. Qe1 Bh7 8. e4
Be7 9. Qe2 O-O 10. e5 Nfd7 11. Ne1 Qc7 12. f4 Na6 13. Ndf3 c5 14. Bh3 Qb6 15.
g4 c4+ 16. d4 Be4 17. c3 Nc7 18. Nd2 Bh7 19. b3 cxb3 20. axb3 f6 21. Nef3 fxe5
22. fxe5 Rac8 23. Bb2 Rf4 24. Rf2 Rcf8 25. Raf1 a6 26. Rg2 g5 27. Rgf2 Qb5 28.
Ne1 Qxe2 29. Rxe2 Nb5 30. Rxf4 Rxf4 31. Rf2 Rxf2 32. Kxf2 Ba3 33. Bxa3 Nxa3 34.
Bf1 Nb1 35. Nxb1 Bxb1 36. Nf3 Kf7 37. b4 Nf8 38. Nd2 Bc2 39. c4 Ng6 40. c5 Ba4
41. Nb1 Ne7 42. Nc3 Bc6 43. Ke3 Nc8 44. b5 axb5 45. Bxb5 Na7 46. Bd3 Nc8 47.
Kd2 Ke7 48. Kc2 Kd8 49. Kb3 Kc7 50. Kb4 b6 51. Ba6 Ne7 52. Bb5 bxc5+ 53. Kxc5
Bxb5 54. Nxb5+ Kd7 55. Nd6 Ng6 56. Nf7 Nh4 57. Nxh6 Nf3 58. h3 Ng1 59. Ng8 Nxh3
60. Nf6+ Ke7 61. Nh7 1/2-1/2

[Event "Monarch Assurance Isle of Man 11th"]
[Site "Port Erin IOM"]
[Date "2002.09.30"]
[Round "3.18"]
[White "Van Kemenade, Rudy"]
[Black "Gladyszev, Oleg"]
[Result "0-1"]
[WhiteElo "2141"]
[BlackElo "2388"]
[PlyCount "124"]
[EventDate "2002.09.28"]
[EventType "swiss"]
[EventRounds "9"]
[EventCountry "IOM"]
[SourceTitle "BritBase"]
[SourceDate "2008.07.14"]
[SourceVersion "1"]
[SourceVersionDate "2008.07.14"]
[SourceQuality "2"]

1. e4 c5 2. Nf3 e6 3. d4 cxd4 4. Nxd4 Nf6 5. Nc3 Nc6 6. Nxc6 bxc6 7. e5 Nd5 8.
Ne4 Qc7 9. f4 Qa5+ 10. Bd2 Qb6 11. Bd3 Be7 12. Qe2 Bb7 13. c4 f5 14. Nd6+ Bxd6
15. exd6 Nf6 16. Qe5 O-O 17. Bc3 c5 18. O-O-O Rf7 19. h3 Bxg2 20. Rh2 Be4 21.
Be2 Rc8 22. h4 Qa6 23. h5 h6 24. Rg1 Qxa2 25. Kd2 Kh7 26. Rh3 Qa4 27. Rhg3 Rcf8
28. Qxc5 Qc2+ 29. Ke1 Qc1+ 30. Bd1 Nxh5 31. Bd2 Qb1 32. Rh3 Nf6 33. Qd4 Bc2 34.
Ke2 Bxd1+ 35. Rxd1 Qe4+ 36. Be3 Qxd4 37. Bxd4 Rc8 38. Rc1 Ne4 39. Kd3 Nxd6 40.
Bxa7 Ne4 41. Bd4 d6 42. b4 Rb7 43. b5 e5 44. fxe5 dxe5 45. Be3 Rd7+ 46. Ke2 f4
47. Bg1 Rd2+ 48. Ke1 Rb2 49. b6 Ng3 50. Rh2 Rb4 51. Rhc2 e4 52. c5 e3 53. Rc4
Rb2 54. R1c2 {(=)} Rb1+ 55. Rc1 Rb2 56. R1c2 Ra8 57. Kd1 Ra1+ 58. Rc1 Rd2+ 59.
Ke1 Raa2 60. R4c2 Rdxc2 61. Rxc2 Ra1+ 62. Rc1 Rxc1# 0-1

[Event "Monarch Assurance Isle of Man 11th"]
[Site "Port Erin IOM"]
[Date "2002.09.30"]
[Round "3.19"]
[White "Hinks-Edwards, Thomas"]
[Black "Harborne, Matthew"]
[Result "1-0"]
[WhiteElo "2363"]
[BlackElo "2075"]
[PlyCount "85"]
[EventDate "2002.09.28"]
[EventType "swiss"]
[EventRounds "9"]
[EventCountry "IOM"]
[SourceTitle "BritBase"]
[SourceDate "2008.07.14"]
[SourceVersion "1"]
[SourceVersionDate "2008.07.14"]
[SourceQuality "2"]

1. e4 c6 2. d4 d5 3. exd5 cxd5 4. c4 Nf6 5. Nc3 e6 6. Nf3 Be7 7. cxd5 Nxd5 8.
Bd3 O-O 9. O-O b6 10. Nxd5 exd5 11. Ne5 Ba6 12. Bf4 Bxd3 13. Qxd3 Bd6 14. Qf3
Bxe5 15. dxe5 Na6 16. Rfd1 Nc7 17. Rac1 Qd7 18. Bd2 Rfe8 19. Bb4 Rxe5 20. Bc3
Re7 21. Rd4 Rae8 22. h4 Re4 23. Rcd1 Rxd4 24. Rxd4 Rd8 25. Rg4 Ne6 26. Bf6 Rc8
27. Rxg7+ Nxg7 28. Qg3 Rc1+ 29. Kh2 Qc7 30. Be5 Rh1+ 31. Kxh1 Qc1+ 32. Kh2 Qh6
33. Bc3 f6 34. Qb8+ Kf7 35. g3 Nf5 36. Qxa7+ Kg8 37. Qb8+ Kf7 38. Qb7+ Ne7 39.
Qxb6 Nf5 40. Qb7+ Kg6 41. Qxd5 Qf8 42. h5+ Kg5 43. Bd2+ 1-0

[Event "Monarch Assurance Isle of Man 11th"]
[Site "Port Erin IOM"]
[Date "2002.09.30"]
[Round "3.20"]
[White "Ellison, D George"]
[Black "Pert, Richard"]
[Result "1/2-1/2"]
[WhiteElo "2116"]
[BlackElo "2357"]
[PlyCount "52"]
[EventDate "2002.09.28"]
[EventType "swiss"]
[EventRounds "9"]
[EventCountry "IOM"]
[SourceTitle "BritBase"]
[SourceDate "2008.07.14"]
[SourceVersion "1"]
[SourceVersionDate "2008.07.14"]
[SourceQuality "2"]

1. c4 e5 2. g3 Nc6 3. Bg2 g6 4. Nc3 Bg7 5. e4 d6 6. Nge2 h5 7. h4 Bg4 8. f3 Be6
9. Nd5 Qd7 10. O-O Nge7 11. Kh2 O-O 12. d3 Nd8 13. d4 c6 14. Nxe7+ Qxe7 15. d5
cxd5 16. cxd5 Bd7 17. Qb3 f5 18. Bg5 Bf6 19. f4 Bxg5 20. fxg5 {(=)} b6 21. Rac1
Nb7 22. Qe3 Rac8 23. b4 Kg7 24. exf5 Bxf5 25. Nd4 Rxc1 26. Rxc1 Nd8 1/2-1/2

[Event "Monarch Assurance Isle of Man 11th"]
[Site "Port Erin IOM"]
[Date "2002.09.30"]
[Round "3.21"]
[White "Brady, Stephen"]
[Black "Hanley, James"]
[Result "1-0"]
[WhiteElo "2353"]
[BlackElo "1990"]
[PlyCount "73"]
[EventDate "2002.09.28"]
[EventType "swiss"]
[EventRounds "9"]
[EventCountry "IOM"]
[SourceTitle "BritBase"]
[SourceDate "2008.07.14"]
[SourceVersion "1"]
[SourceVersionDate "2008.07.14"]
[SourceQuality "2"]

1. e4 c5 2. c3 d5 3. exd5 Qxd5 4. d4 Nc6 5. Nf3 Bg4 6. Be2 cxd4 7. cxd4 e6 8.
Nc3 Qd7 9. O-O Nf6 10. Be3 Be7 11. Qb3 O-O 12. Ne5 Nxe5 13. dxe5 Bxe2 14. exf6
Bxf1 15. fxe7 Qxe7 16. Rxf1 Rfd8 17. g3 b6 18. a4 Rd7 19. h4 h6 20. Rd1 Rxd1+
21. Nxd1 Rd8 22. Nc3 Qf6 23. Qc4 Qf3 24. Qc7 Qa8 25. Qe5 Qb7 26. Bd4 f6 27.
Qxe6+ Kh8 28. Be3 Qf3 29. Qe7 Qa8 30. h5 Rf8 31. Kh2 Kg8 32. Qe6+ Kh8 33. Qe4
Qxe4 34. Nxe4 Re8 35. Nc3 Re5 36. g4 f5 37. Bd4 1-0

[Event "Monarch Assurance Isle of Man 11th"]
[Site "Port Erin IOM"]
[Date "2002.09.30"]
[Round "3.22"]
[White "Cafolla, Peter"]
[Black "Cooper, Lawrence"]
[Result "0-1"]
[WhiteElo "2109"]
[BlackElo "2349"]
[PlyCount "112"]
[EventDate "2002.09.28"]
[EventType "swiss"]
[EventRounds "9"]
[EventCountry "IOM"]
[SourceTitle "BritBase"]
[SourceDate "2008.07.14"]
[SourceVersion "1"]
[SourceVersionDate "2008.07.14"]
[SourceQuality "2"]

1. d4 Nf6 2. c4 e6 3. Nc3 Bb4 4. g3 c5 5. Nf3 cxd4 6. Nxd4 a6 7. Bg2 Qc7 8. Qb3
Bc5 9. Qd1 Be7 10. Qd3 Nc6 11. Nxc6 dxc6 12. O-O e5 13. b3 O-O 14. h3 Be6 15.
Be3 Rad8 16. Qc2 h6 17. Na4 Nd7 18. Rad1 b5 19. cxb5 axb5 20. Nc5 Nxc5 21. Bxc5
Bd5 22. Bxe7 Qxe7 23. Bxd5 cxd5 24. Qc6 Qd7 25. Qxd7 Rxd7 26. Rc1 Ra8 27. Rc5
Rxa2 28. Rd1 Rxe2 29. Rdxd5 Rxd5 30. Rxd5 b4 31. Rb5 Re4 32. Kg2 f6 33. Kf3 Rd4
34. Ke3 Kf7 35. f4 Ke6 36. fxe5 fxe5 37. Rb7 g6 38. Rb6+ Kf7 39. Rb7+ Kf6 40.
Rb6+ Kf5 41. Rb5 h5 42. Rb6 Re4+ 43. Kf2 h4 44. g4+ Kg5 45. Kf3 Rd4 46. Ke3 Rd1
47. Rb5 Rh1 48. Rxe5+ Kf6 49. Rb5 Rxh3+ 50. Kf4 g5+ 51. Ke4 Rxb3 52. Rb6+ Ke7
53. Kf5 h3 54. Rh6 Rf3+ 55. Kxg5 b3 56. Rh7+ Ke6 0-1

[Event "Monarch Assurance Isle of Man 11th"]
[Site "Port Erin IOM"]
[Date "2002.09.30"]
[Round "3.23"]
[White "Lutton, J Ezra"]
[Black "Daly, Colm"]
[Result "0-1"]
[WhiteElo "2113"]
[BlackElo "2338"]
[PlyCount "68"]
[EventDate "2002.09.28"]
[EventType "swiss"]
[EventRounds "9"]
[EventCountry "IOM"]
[SourceTitle "BritBase"]
[SourceDate "2008.07.14"]
[SourceVersion "1"]
[SourceVersionDate "2008.07.14"]
[SourceQuality "2"]

1. Nc3 d5 2. e4 d4 3. Nce2 c5 4. Ng3 Nc6 5. Bc4 a6 6. a4 e6 7. d3 Ra7 8. Bd2 b6
9. f4 g6 10. Nf3 f5 11. exf5 exf5 12. O-O Be7 13. Re1 Kf8 14. Ng5 Bxg5 15. fxg5
Re7 16. Qf3 Ne5 17. Qf4 Nxc4 18. dxc4 h5 19. Ne4 Re6 20. a5 Rh7 21. axb6 Qxb6
22. b4 cxb4 23. c5 Qc6 24. Nd6 Rhe7 25. Rxe6 Bxe6 26. Qxd4 Bd5 27. Qxb4 Re2 28.
Qb8+ Kg7 29. Qa7+ Ne7 30. Bc3+ Kh7 31. Ne4 Rxe4 32. Rxa6 Qb5 33. Qb6 Qe2 34.
Qf6 Qe3+ 0-1

[Event "Monarch Assurance Isle of Man 11th"]
[Site "Port Erin IOM"]
[Date "2002.09.30"]
[Round "3.24"]
[White "Lutton, E Josiah"]
[Black "Orr, Mark JL"]
[Result "1/2-1/2"]
[WhiteElo "2045"]
[BlackElo "2332"]
[PlyCount "105"]
[EventDate "2002.09.28"]
[EventType "swiss"]
[EventRounds "9"]
[EventCountry "IOM"]
[SourceTitle "BritBase"]
[SourceDate "2008.07.14"]
[SourceVersion "1"]
[SourceVersionDate "2008.07.14"]
[SourceQuality "2"]

1. Nc3 d5 2. e4 dxe4 3. Nxe4 Nd7 4. Nf3 Ngf6 5. Ng3 e6 6. d4 c5 7. Be3 Qb6 8.
b3 cxd4 9. Bxd4 Bc5 10. Bc4 O-O 11. O-O Bxd4 12. Qxd4 Qxd4 13. Nxd4 Ne5 14. Be2
Bd7 15. f4 Nc6 16. Rad1 Nd5 17. Rd2 Nxd4 18. Rxd4 Bc6 19. Bd3 b5 20. Be4 Rac8
21. Nf5 g6 22. Bxd5 gxf5 23. Bxc6 Rxc6 24. Rf2 Rfc8 25. Rd7 Ra6 26. Rb7 Rxa2
27. Rxb5 Rcxc2 28. Rxc2 Rxc2 29. Rb7 a5 30. Rb5 Ra2 31. h3 Kg7 32. Kh2 h5 33.
Kg3 Kg6 34. Rb8 Rb2 35. Rb5 Ra2 36. Rb8 Kf6 37. Rb5 Ke7 38. Rb7+ Kf8 39. Rb8+
Kg7 40. Rb5 Kf6 41. Rb6 h4+ 42. Kf3 Ra3 43. Kf2 Ke7 44. Rb7+ Kd6 45. Rxf7 Rxb3
46. Ra7 Rb5 47. g4 hxg3+ 48. Kxg3 Kd5 49. Kh4 Ke4 50. Kg5 e5 51. Re7 a4 52. Ra7
Rb4 53. fxe5 1/2-1/2

[Event "Monarch Assurance Isle of Man 11th"]
[Site "Port Erin IOM"]
[Date "2002.09.30"]
[Round "3.25"]
[White "Hanley, Craig A"]
[Black "Bennion, David A"]
[Result "1-0"]
[WhiteElo "2331"]
[BlackElo "2060"]
[PlyCount "75"]
[EventDate "2002.09.28"]
[EventType "swiss"]
[EventRounds "9"]
[EventCountry "IOM"]
[SourceTitle "BritBase"]
[SourceDate "2008.07.14"]
[SourceVersion "1"]
[SourceVersionDate "2008.07.14"]
[SourceQuality "2"]

1. e4 e6 2. d4 d5 3. Nc3 Bb4 4. e5 c5 5. Bd2 cxd4 6. Nb5 Bc5 7. b4 Be7 8. Nf3
Nc6 9. Rb1 f6 10. Nbxd4 fxe5 11. Nxc6 bxc6 12. Nxe5 Nf6 13. Nxc6 Qc7 14. Nxe7
Qxe7 15. Bd3 O-O 16. O-O e5 17. Bg5 e4 18. Be2 Qe5 19. Be3 Be6 20. Qd4 Qc7 21.
Rfc1 Kh8 22. b5 Bg4 23. Bf1 Qf7 24. c4 dxc4 25. Rxc4 Rfd8 26. Qe5 Rd5 27. Qg3
Rad8 28. Rc7 R5d7 29. Rbc1 Qxa2 30. Rxd7 Bxd7 31. Qc7 Rf8 32. Qxa7 Qb2 33. Qd4
Qxd4 34. Bxd4 Bc8 35. Rc7 Rd8 36. b6 Ne8 37. b7 Bxb7 38. Rxb7 1-0

[Event "Monarch Assurance Isle of Man 11th"]
[Site "Port Erin IOM"]
[Date "2002.09.30"]
[Round "3.27"]
[White "Cioara, Andrei Nestor"]
[Black "Goodger, Martyn"]
[Result "1/2-1/2"]
[WhiteElo "2414"]
[BlackElo "2133"]
[PlyCount "78"]
[EventDate "2002.09.28"]
[EventType "swiss"]
[EventRounds "9"]
[EventCountry "IOM"]
[SourceTitle "BritBase"]
[SourceDate "2008.07.14"]
[SourceVersion "1"]
[SourceVersionDate "2008.07.14"]
[SourceQuality "2"]

1. e4 e5 2. Nf3 Nf6 3. d4 Nxe4 4. Bd3 d5 5. Nxe5 Nd7 6. Nxd7 Bxd7 7. O-O Qh4 8.
c4 O-O-O 9. c5 g5 10. Nc3 Bg7 11. g3 Qh6 12. Nxe4 dxe4 13. Bxe4 f5 14. Bg2 f4
15. d5 Rhf8 16. c6 Bxc6 17. Qb3 Bd7 18. Rd1 Qb6 19. Qxb6 axb6 20. a4 Bg4 21. f3
Be6 22. Bxf4 Rxd5 23. Rxd5 Bxd5 24. Bxg5 Bd4+ 25. Kh1 Bxf3 26. Re1 Bxb2 27.
Bxf3 Rxf3 28. Re8+ Kd7 29. Re7+ Kd6 30. Rxh7 c5 31. Bf4+ Kd5 32. Rxb7 c4 33.
Rxb6 c3 34. Rb8 Rxf4 35. gxf4 c2 36. Rd8+ Ke4 37. Re8+ Kxf4 38. Rc8 c1=Q+ 39.
Rxc1 Bxc1 1/2-1/2

[Event "Monarch Assurance Isle of Man 11th"]
[Site "Port Erin IOM"]
[Date "2002.09.30"]
[Round "3.28"]
[White "Kelly, David"]
[Black "Welling, Gerard"]
[Result "0-1"]
[WhiteElo "1860"]
[BlackElo "2393"]
[PlyCount "72"]
[EventDate "2002.09.28"]
[EventType "swiss"]
[EventRounds "9"]
[EventCountry "IOM"]
[SourceTitle "BritBase"]
[SourceDate "2008.07.14"]
[SourceVersion "1"]
[SourceVersionDate "2008.07.14"]
[SourceQuality "2"]

1. e4 e5 2. Nc3 Bc5 3. Bc4 Nf6 4. d3 d6 5. Na4 Bb6 6. Nxb6 axb6 7. f4 Nc6 8.
Nf3 Bg4 9. O-O exf4 10. Bxf4 Nd4 11. Be3 Nxf3+ 12. gxf3 Bh3 13. Rf2 Ra5 14. d4
d5 15. Bf1 Bxf1 16. Qxf1 dxe4 17. b4 Rf5 18. fxe4 Rxf2 19. Qxf2 Nxe4 20. Qg2
Nf6 21. Qxb7 O-O 22. Qf3 Nd5 23. Bd2 Nxb4 24. c3 Qd7 25. Rf1 Nc6 26. Rf2 Na5
27. Rg2 Qe6 28. Qg3 g6 29. Qxc7 Qxa2 30. Rf2 Qe6 31. Qg3 Nc4 32. Bh6 Re8 33.
Bg5 Nd6 34. Qf3 Ne4 35. Rg2 Nxg5 36. Rxg5 Qe1+ 0-1

[Event "Monarch Assurance Isle of Man 11th"]
[Site "Port Erin IOM"]
[Date "2002.09.30"]
[Round "3.29"]
[White "Spanton, Tim"]
[Black "Hutchinson, Norman A"]
[Result "0-1"]
[WhiteElo "2008"]
[BlackElo "2175"]
[PlyCount "90"]
[EventDate "2002.09.28"]
[EventType "swiss"]
[EventRounds "9"]
[EventCountry "IOM"]
[SourceTitle "BritBase"]
[SourceDate "2008.07.14"]
[SourceVersion "1"]
[SourceVersionDate "2008.07.14"]
[SourceQuality "2"]

1. c4 Nf6 2. Nc3 e6 3. g3 d5 4. d4 c6 5. cxd5 exd5 6. Bg2 Bb4 7. Bd2 O-O 8. Nf3
Re8 9. O-O Nbd7 10. Re1 Nf8 11. Qb3 Bd6 12. Rac1 Qb6 13. Na4 Qxb3 14. axb3 Ne4
15. Nc5 Bxc5 16. dxc5 Bg4 17. Be3 Ne6 18. Ne5 Bf5 19. g4 Bg6 20. Nxg6 hxg6 21.
Bxe4 dxe4 22. Red1 Rad8 23. Rd6 a6 24. Rcd1 Kf8 25. Rxd8 Rxd8 26. Rxd8+ Nxd8
27. Bf4 Ke8 28. f3 Ne6 29. Be3 exf3 30. exf3 Nc7 31. Kf2 Kd7 32. Bd4 f6 33. Ke3
{(=)} Ke6 34. Ke4 g5 35. Be3 Nd5 36. Bd2 Ne7 37. Be3 Ng6 38. Bd4 Nf8 39. Be3
Nd7 40. Bd4 g6 41. Be3 f5+ 42. Kd4 Ne5 43. gxf5+ gxf5 44. f4 Nf3+ 45. Kc4 g4
0-1

[Event "Monarch Assurance Isle of Man 11th"]
[Site "Port Erin IOM"]
[Date "2002.09.30"]
[Round "3.30"]
[White "Collins, Sam IRL"]
[Black "Ormsby, Alan"]
[Result "1-0"]
[WhiteElo "2313"]
[BlackElo "2069"]
[PlyCount "101"]
[EventDate "2002.09.28"]
[EventType "swiss"]
[EventRounds "9"]
[EventCountry "IOM"]
[SourceTitle "BritBase"]
[SourceDate "2008.07.14"]
[SourceVersion "1"]
[SourceVersionDate "2008.07.14"]
[SourceQuality "2"]

1. e4 c6 2. d4 d5 3. exd5 cxd5 4. c4 Nf6 5. Nc3 Nc6 6. Nf3 Bg4 7. cxd5 Nxd5 8.
Qb3 Bxf3 9. gxf3 Nb6 10. Be3 e6 11. O-O-O Be7 12. d5 exd5 13. Nxd5 Nxd5 14.
Rxd5 Qc7 15. Kb1 O-O 16. f4 Rfd8 17. Bg2 Rxd5 18. Bxd5 Bf6 19. Rc1 Qd7 20. Be4
Rd8 21. Qb5 g6 22. f5 Kg7 23. a3 Qd6 24. fxg6 hxg6 25. Bxc6 bxc6 26. Rxc6 Qxh2
27. Rxf6 Qg1+ 28. Ka2 Kxf6 29. Qc6+ Kg7 30. Qc3+ Kh7 31. Qc7 Qd1 32. Qxf7+ Kh8
33. Bxa7 Qd3 34. Be3 Rd7 35. Qb3 Qd6 36. Qc4 Kh7 37. Bf4 Qd1 38. Qb3 Qd4 39.
Be5 Qg4 40. f4 Qf5 41. Qb8 Qe6+ 42. Qb3 Qf5 43. a4 Rd3 44. Qb7+ Rd7 45. Qh1+
Kg8 46. a5 Qd3 47. Qc6 Qd5+ 48. Qxd5+ Rxd5 49. b4 g5 50. a6 gxf4 51. a7 1-0

[Event "Monarch Assurance Isle of Man 11th"]
[Site "Port Erin IOM"]
[Date "2002.09.30"]
[Round "3.31"]
[White "Shepherd, Michael"]
[Black "Waugh, Jonathon C"]
[Result "1/2-1/2"]
[WhiteElo "2071"]
[BlackElo "1930"]
[PlyCount "103"]
[EventDate "2002.09.28"]
[EventType "swiss"]
[EventRounds "9"]
[EventCountry "IOM"]
[SourceTitle "BritBase"]
[SourceDate "2008.07.14"]
[SourceVersion "1"]
[SourceVersionDate "2008.07.14"]
[SourceQuality "2"]

1. d4 Nf6 2. c4 g6 3. Nc3 Bg7 4. e4 d6 5. Be2 O-O 6. Bg5 c5 7. d5 Na6 8. Qd2
Nc7 9. Nf3 a6 10. a4 Ng4 11. h3 Ne5 12. Nxe5 dxe5 13. g4 Ne8 14. h4 Nd6 15. h5
f6 16. Be3 g5 17. Bxc5 Qc7 18. Qe3 h6 19. Bb6 Qb8 20. c5 Ne8 21. f3 Bd7 22. Bc4
Kh8 23. b4 Qc8 24. Qe2 f5 25. gxf5 Bxf5 26. Rd1 Bd7 27. d6 exd6 28. Nd5 Bf6 29.
a5 g4 30. f4 exf4 31. Nxf6 Rxf6 32. e5 dxe5 33. Qxe5 Qc6 34. Rf1 Ng7 35. Bd5
Re8 36. Qxe8+ Bxe8 37. Bxc6 Bxc6 38. Rd8+ Kh7 39. Bc7 Nxh5 40. Kd2 g3 41. Be5
Rf7 42. Rh8+ Kg6 43. Re1 g2 44. Rg8+ Ng7 45. Bd4 Rd7 46. Rxg7+ Rxg7 47. Bxg7
Kxg7 48. Ke2 Kf6 49. Kf2 h5 50. Rd1 Ke5 51. Rd8 h4 52. Rh8 1/2-1/2

[Event "Monarch Assurance Isle of Man 11th"]
[Site "Port Erin IOM"]
[Date "2002.09.30"]
[Round "3.32"]
[White "Cross, Glenn"]
[Black "Cheshire, Paul"]
[Result "1/2-1/2"]
[WhiteElo "1992"]
[BlackElo "1775"]
[PlyCount "44"]
[EventDate "2002.09.28"]
[EventType "swiss"]
[EventRounds "9"]
[EventCountry "IOM"]
[SourceTitle "BritBase"]
[SourceDate "2008.07.14"]
[SourceVersion "1"]
[SourceVersionDate "2008.07.14"]
[SourceQuality "2"]

1. d4 Nf6 2. c4 g6 3. Nc3 Bg7 4. Bf4 d6 5. e4 Nbd7 6. Nf3 O-O 7. Be2 Re8 8. Qd2
e5 9. dxe5 dxe5 10. Nxe5 Nxe4 11. Nxe4 Bxe5 12. Bxe5 Rxe5 13. Nc3 Qg5 14. Qxg5
Rxg5 15. g3 Re5 16. O-O-O c6 17. Rd6 Re6 18. Rd4 Nf6 19. Rhd1 Re8 20. f4 Bg4
21. Bxg4 Nxg4 22. Rd7 Rab8 1/2-1/2

[Event "Monarch Assurance Isle of Man 11th"]
[Site "Port Erin IOM"]
[Date "2002.10.01"]
[Round "4.1"]
[White "Miezis, Normunds"]
[Black "Dautov, Rustem"]
[Result "1/2-1/2"]
[WhiteElo "2510"]
[BlackElo "2617"]
[PlyCount "77"]
[EventDate "2002.09.28"]
[EventType "swiss"]
[EventRounds "9"]
[EventCountry "IOM"]
[SourceTitle "BritBase"]
[SourceDate "2008.07.14"]
[SourceVersion "1"]
[SourceVersionDate "2008.07.14"]
[SourceQuality "2"]

1. c4 e5 2. Nc3 Bb4 3. g3 Bxc3 4. dxc3 d6 5. Bg2 Ne7 6. Nf3 Nbc6 7. e4 Be6 8.
Qe2 f6 9. b3 Qc8 10. h3 O-O 11. Ba3 a6 12. Nd2 b5 13. Rd1 Rd8 14. h4 Bg4 15. f3
Be6 16. O-O Bh3 17. Rf2 Bxg2 18. Kxg2 Qe6 19. Nf1 f5 20. exf5 Qxf5 21. Qe4 Qxe4
22. fxe4 bxc4 23. bxc4 Na5 24. Ne3 c5 25. Rfd2 Nb7 26. Rb1 Rd7 27. Rdb2 Ra7 28.
Kf3 Kf7 29. Ke2 Ke8 30. Kd3 Nd8 31. Rf1 Rab7 32. Rbf2 Ne6 33. Bc1 Nc8 34. h5
Rf7 35. Rf5 h6 36. Nd5 Nd8 37. Ne3 Ne7 38. Rxf7 Nxf7 39. Ng4 1/2-1/2

[Event "Monarch Assurance Isle of Man 11th"]
[Site "Port Erin IOM"]
[Date "2002.10.01"]
[Round "4.2"]
[White "Goloshchapov, Alexander"]
[Black "Zapata, Alonso"]
[Result "0-1"]
[WhiteElo "2544"]
[BlackElo "2549"]
[PlyCount "136"]
[EventDate "2002.09.28"]
[EventType "swiss"]
[EventRounds "9"]
[EventCountry "IOM"]
[SourceTitle "BritBase"]
[SourceDate "2008.07.14"]
[SourceVersion "1"]
[SourceVersionDate "2008.07.14"]
[SourceQuality "2"]

1. e4 c5 2. Nf3 e6 3. d4 cxd4 4. Nxd4 a6 5. Bd3 Nf6 6. O-O Qc7 7. Qe2 d6 8. c4
Be7 9. b3 Nbd7 10. Bb2 b6 11. Nc3 Bb7 12. f4 O-O 13. Kh1 Rfe8 14. Rae1 g6 15.
e5 Nh5 16. f5 Nxe5 17. fxe6 fxe6 18. Nxe6 Qd7 19. Nf4 Nxf4 20. Rxf4 Bg5 21. Re4
Bh4 22. Rf1 Nxd3 23. Rxe8+ Rxe8 24. Qxd3 Qg4 25. Qc2 Be1 26. Rg1 Bg3 27. Qd3
Be5 28. Bc1 Bxc3 29. Qxc3 Re2 30. Qg3 Rxg2 31. Qxg2 Bxg2+ 32. Rxg2 Qd1+ 33. Rg1
Qf3+ 34. Rg2 b5 35. cxb5 axb5 36. Bh6 Qd1+ 37. Rg1 Qh5 38. Bc1 Qf3+ 39. Rg2 d5
40. Bb2 Qd1+ 41. Rg1 Qc2 42. Bc1 Qxa2 43. Rf1 Qxb3 44. Bh6 Qa3 45. Kg2 Qe7 46.
h4 b4 47. Rf3 b3 48. Rxb3 Qxh4 49. Rb8+ Kf7 50. Rb7+ Ke6 51. Rxh7 d4 52. Kf3
Kd5 53. Rd7+ Kc4 54. Rc7+ Kd3 55. Bf4 g5 56. Bg3 Qe4+ 57. Kf2 Qf5+ 58. Kg2 g4
59. Ra7 Qd5+ 60. Kh2 Ke2 61. Ra1 Qh5+ 62. Kg1 d3 63. Re1+ Kf3 64. Bf2 Qh6 65.
Rf1 Qh3 66. Be1+ Ke2 67. Rf2+ Kxe1 68. Re2+ Kd1 0-1